header

Stealth jihad (Record no. 185923)

MARC details
000 -LEADER
fixed length control field 01530nam a2200397 a 4500
082 04 - DEWEY DECIMAL CLASSIFICATION NUMBER
Classification number 320.5/570973
100 1# - MAIN ENTRY--AUTHOR NAME
Personal name Spencer, Robert,
245 10 - TITLE STATEMENT
Title Stealth jihad
260 ## - PUBLICATION, DISTRIBUTION, ETC. (IMPRINT)
Place of publication Washington, DC :
Name of publisher Regnery Pub.,
Year of publication c2008.
300 ## - PHYSICAL DESCRIPTION
Number of Pages 328 p.
650 #0 - SUBJECT ADDED ENTRY--TOPICAL TERM
Topical Term Terrorism
Topical Term Subversive activities
Topical Term Conspiracies
Topical Term Islam
Topical Term Jihad.
Topical Term War
Topical Term Terrorism
Topical Term Religious tolerance
Topical Term Islam
856 40 - ELECTRONIC LOCATION AND ACCESS
Uniform Resource Identifier http://site.ebrary.com/lib/rucke/Doc?id=10419513

No items available.

© 2026 Rongo University
Contact us: librarian | system librarian | Rongo university